| 000 | 00530nam a22001817a 4500 | ||
|---|---|---|---|
| 999 |
_c173299 _d173299 |
||
| 005 | 20200221131204.0 | ||
| 010 | _aB-219149 | ||
| 020 |
_a8183820220 _c95.00 |
||
| 035 | _aB-219149 | ||
| 082 |
_22006 _a650.1 _bSAM |
||
| 100 | _aPhilips J.Samuel | ||
| 245 |
_aHow to start my business/ _cPhilips J.Samuel |
||
| 260 |
_aNew Delhi _bLotus Press |
||
| 270 |
_a4263/3,Ansari Road,Darya Ganj, _bDelhi _e110002 |
||
| 300 |
_a105p.; _c20cm |
||
| 942 |
_2ddc _cEN _h650.1 _mSAM |
||